| 000 | 00376nam a2200157Ia 4500 | ||
|---|---|---|---|
| 008 | 230524s9999 xx 000 0 und d | ||
| 020 | _a817446557X | ||
| 082 |
_a241.644 _bMIT |
||
| 100 | _aVivek Mittal | ||
| 245 | 0 | _aBusiness Environment | |
| 260 |
_aNEW DELHI _bExcel _c2010 |
||
| 300 | _aXVII;608 | ||
| 500 | _aQuantity Number: 5 | ||
| 650 | _aManagement | ||
| 942 | _cBK | ||
| 999 |
_c49279 _d49279 |
||